Les 10 villes les plus visitées en 2024 - Statistiques

Statistiques générales
  • Ce quiz a été pris 334 fois
  • Le résultat moyen est 5 sur 10
Statistiques - réponses
Nombres de visiteurs Réponse % Correct
15.5 millions Paris
99%
11.7 millions New York
94%
18.8 millions Londres
87%
12.93 millions Tokyo
85%
16.8 millions Dubai
42%
11.25 millions Séoul
40%
20.2 millions Istanbul
38%
12.2 millions Bangkok
29%
14.7 millions Hong Kong
22%
16.5 millions Antalya
3%
Aucun quiz correspondant
Distribution des résultats
% des personnes avec chaque résultat
Percentile par nombre de réponses
Votre historique - résultats
Vous n’avez pas pris ce quiz